Les 100 Meilleurs Footballeurs Masculins de 2024 - Statistiques

Statistiques générales
  • Ce quiz a été pris 51 801 fois
  • Le résultat moyen est 35 sur 100
Statistiques - réponses
# Club Player % Correct
10. Real Madrid Kylian Mbappé
94%
2. Real Madrid Vinícius Júnior
89%
3. Manchester City Erling Haaland
88%
1. Manchester City Rodri
87%
4. Barcelona Lamine Yamal
86%
27. Inter Miami Lionel Messi
81%
42. Al-Nassr Cristiano Ronaldo
80%
11. Liverpool Mohamed Salah
77%
6. Bayern Munich Harry Kane
75%
7. Inter Lautaro Martínez
75%
5. Real Madrid Jude Bellingham
71%
23. Aston Villa Emiliano Martínez
68%
51. Real Madrid Thibaut Courtois
66%
39. Barcelona Pedri
65%
8. Bayer Leverkusen Florian Wirtz
63%
36. Manchester City Kevin De Bruyne
61%
58. Real Madrid Luka Modric
61%
13. Arsenal Bukayo Saka
60%
31. Real Madrid Rodrygo
60%
12. Chelsea Cole Palmer
59%
21. Barcelona Robert Lewandowski
57%
14. Athletic Bilbao Nico Williams
54%
41. Atlético Madrid Antoine Griezmann
53%
9. Real Madrid Dani Carvajal
53%
24. Real Madrid Antonio Rüdiger
49%
16. Real Madrid Toni Kroos
48%
15. Manchester City Phil Foden
46%
47. Paris Saint-Germain Vitinha
45%
28. Arsenal William Saliba
44%
56. Paris Saint-Germain Achraf Hakimi
42%
67. Inter Marcus Thuram
42%
25. Barcelona Raphinha
42%
20. Real Madrid Federico Valverde
41%
30. Liverpool Virgil van Dijk
41%
18. Arsenal Martin Ødegaard
39%
60. Tottenham Hotspur Son Heung-min
39%
29. Sporting CP Viktor Gyökeres
39%
88. Paris Saint-Germain Bradley Barcola
38%
22. Atalanta Ademola Lookman
37%
34. Arsenal Declan Rice
37%
89. Real Madrid Eduardo Camavinga
35%
61. AC Milan Rafael Leão
35%
40. Manchester City Bernardo Silva
34%
50. Manchester City Ederson
34%
19. Bayern Munich Jamal Musiala
34%
87. Barcelona Jules Koundé
34%
64. Bayer Leverkusen Jeremie Frimpong
33%
35. Manchester City Rúben Dias
31%
49. Napoli Khvicha Kvaratskhelia
30%
79. Liverpool Alisson
29%
76. Bayern Munich Joshua Kimmich
29%
85. Bayern Munich Michael Olise
29%
33. Bayer Leverkusen Alex Grimaldo
27%
46. Inter Nicolò Barella
27%
57. Arsenal Gabriel Magalhães
26%
73. Lille Jonathan David
26%
37. Liverpool Luis Díaz
26%
63. Manchester United Bruno Fernandes
25%
55. Atlético Madrid Julián Alvarez
25%
66. Liverpool Trent Alexander-Arnold
25%
96. AC Milan Mike Maignan
22%
81. Barcelona Pau Cubarsí
22%
43. Borussia Dortmund Serhou Guirassy
22%
74. Galatasaray Victor Osimhen
22%
26. Bayer Leverkusen Granit Xhaka
21%
52. Inter Alessandro Bastoni
20%
90. Newcastle Alexander Isak
20%
38. Liverpool Alexis Mac Allister
20%
17. Barcelona Dani Olmo
20%
44. Paris Saint-Germain Fabián Ruiz
20%
53. Inter Federico Dimarco
19%
86. Arsenal David Raya
18%
91. Athletic Bilbao Unai Simón
18%
78. Arsenal Kai Havertz
17%
68. Manchester City Kyle Walker
17%
59. Eintracht Frankfurt Omar Marmoush
17%
75. Bayer Leverkusen Jonathan Tah
16%
54. Aston Villa Ollie Watkins
16%
62. Bayer Leverkusen Victor Boniface
15%
71. Benfica Ángel Di María
14%
84. Liverpool Cody Gakpo
14%
45. Manchester City Josko Gvardiol
14%
82. Real Madrid Andriy Lunin
12%
99. Borussia Dortmund Julian Brandt
12%
93. Juventus Dusan Vlahovic
10%
32. Inter Hakan Calhanoglu
10%
65. Roma Mats Hummels
10%
69. RB Leipzig Xavi Simons
10%
95. AC Milan Christian Pulisic
9%
92. Borussia Dortmund Gregor Kobel
9%
98. Al-Hilal Aleksandar Mitrovic
7%
77. Rayo Vallecano James Rodríguez
7%
72. Chelsea Marc Cucurella
7%
94. Manchester City Savinho
7%
70. AC Milan Álvaro Morata
6%
48. Roma Artem Dovbyk
6%
83. Tottenham Hotspur Cristian Romero
4%
80. Valencia Giorgi Mamardashvili​
3%
100. Borussia Dortmund Marcel Sabitzer
3%
97. Arsenal Riccardo Calafiori
3%
Aucun quiz correspondant
Distribution des résultats
% des personnes avec chaque résultat
Percentile par nombre de réponses
Votre historique - résultats
Vous n’avez pas pris ce quiz